000 00766nam a2200217 i 4500
001 140341
003 ES-MaACL
005 20250826060326.0
007 t|
008 070214m19251930sp r ||||1| spa d
100 1 _aSchwalbe, Julius (
_d1863-1930)
_9104852
245 1 0 _aCirugía /
_cJoule Schwalbe ; traducción de J. González Campo de Cos.
260 _aBarcelona :
_bManuel Marín,
_c1925-30.
300 _a3 v. :
_bil. ;
_c25 cm.
490 1 _aErrores diagnósticos y terapéuticos y manera de evitarlos
650 0 7 _aCirugía
_2embne
_911050
700 1 _aGonzález-Campo de Cos, José.
_958488
830 0 0 _aErrores diagnósticos y terapéuticos y manera de evitarlos
_9220319
852 _aES-MaACL
_jE-1369-71
999 _c140341
_d140341